Raja Rammohun Roy : (Record no. 93772)

MARC details
000 -LEADER
fixed length control field 00572nam a22001937a 4500
005 - DATE AND TIME OF LATEST TRANSACTION
control field 20150622170857.0
010 ## - LCCN (DPL NO)
LC control number ENG-113094
020 ## - INTERNATIONAL STANDARD BOOK NUMBER
International Standard Book Number 978818789189500
Terms of availability 600.00
020 ## - INTERNATIONAL STANDARD BOOK NUMBER
International Standard Book Number 8187891890
Terms of availability 600.00
035 ## - SYSTEM CONTROL NUMBER
System control number EN-96626
037 ## - SOURCE OF ACQUISITION
Source of stock number/acquisition DBAD/PUB
082 ## - DEWEY DECIMAL CLASSIFICATION NUMBER
Classification number 920
245 ## - TITLE STATEMENT
Title Raja Rammohun Roy :
Statement of responsibility, etc edited by Asitabha Das
Remainder of title creator of the new Indian age /
260 ## - PUBLICATION, DISTRIBUTION, ETC. (IMPRINT)
Name of publisher, distributor, etc Readers Service
Date of publication, distribution, etc 2010
Place of publication, distribution, etc Kolkata
270 ## - ADDRESS
City Kolkata
Postal code 700075
Address 59/5A, Garfa Main Road
300 ## - PHYSICAL DESCRIPTION
Extent xx,472p.
Dimensions 22cm(Hb)
700 ## - ADDED ENTRY--PERSONAL NAME
Personal name Das, Asitabha
942 ## - ADDED ENTRY ELEMENTS (KOHA)
Source of classification or shelving scheme Dewey Decimal Classification
Item type English Books
Call number suffix ROY
Classification part 920
Holdings
Withdrawn status Lost status Not for loan Collection code Home library Current library Date acquired Source of acquisition Cost, normal purchase price Full call number Barcode Copy number Cost, replacement price Koha item type
    Not For Loan Non-fiction D.B.Act.Division D.B.Act.Division 20/05/2015 DBAD/PUB 600.00 RAJ EN-96626 1 600.00 English Books

© Delhi Public Library
Hit Counter
free hit counter